All Jeja Debuts On NCS - Statistics

General Stats
  • This quiz has been taken 4 times
  • The average score is 13 of 16
Answer Stats
Feat. Song Views % Correct
Cartoon, nublu, gameboy tetris Biology 2,8M
100%
Cartoon, Futuristik, Mikk Mae C U Again 56M
100%
Cartoon, Asena Howling 11M
100%
Cartoon, Kristel Aaslaid Immortality 5,2M
100%
Cartoon, Juri Pootsmann I Remember U 16M
100%
Cartoon, Time To Talk, Asena Omen 4,8M
100%
Cartoon, Daniel Levi On & On 537M
100%
Cartoon, Coleman Trapp Why We Lose 241M
100%
Zaug Bad Habit 674K
67%
Daniel Levi, Clifford Joilo, Kerli I Like It With You 158K
67%
Futuristik, Sethh Little Bit 7,4M
67%
Cartoon, Daniel Levi Mas y Mas 5,1M
67%
Cartoon, Andromedik, Juri Pootsmann Whatever 1,2M
67%
Cartoon, Koit Toome Your Stories 4,3M
67%
Zaug Bad Habit (Phonk VIP) 565K
33%
Cartoon, Jason Diaz Don't Be A Stranger 2,6M
33%
No matching quizzes found
Score Distribution
Percent of People with Each Score
Percentile by Number Answered
Your Score History
You have not taken this quiz